Score 0/42 Timer 04:00
1 Play Today
1960s Movies Missing Word % Correct
Chitty Chitty ___ BangBang
97.1%
___ PoppinsMary
96.1%
To ___ a MockingbirdKill
95.8%
___ at Tiffany'sBreakfast
95.8%
___ and ClydeBonnie
95.2%
The Good, the Bad and the ___Ugly
95.1%
___ of the ApesPlanet
94.3%
My Fair ___Lady
94.1%
2001: A ___ OdysseySpace
94%
The ___ of MusicSound
92.7%
The Nutty ___Professor
91.7%
The ___ PantherPink
91.6%
Night of the ___ DeadLiving
91.2%
Butch Cassidy and the ___ KidSundance
89.7%
Lawrence of ___Arabia
88.4%
Guess Who's Coming to ___Dinner
87.9%
Cool ___ LukeHand
86.2%
A ___ Day's NightHard
84.6%
The Little ___ of HorrorsShop
84%
___ ZhivagoDoctor
83.4%
Rosemary's ___Baby
80.1%
1960s Movies Missing Word % Correct
The Dirty ___Dozen
78.9%
In the ___ of the NightHeat
76.4%
The Magnificent ___Seven
76%
The Manchurian ___Candidate
74.7%
From ___ with LoveRussia
74.3%
A Fistful of ___Dollars
72.9%
101 ___Dalmatians
68.8%
One ___ Years B.C.Million
64.7%
___ RiderEasy
61.7%
To ___, with LoveSir
54.6%
The ___ of NavaroneGuns
52.6%
La ___ VitaDolce
52.5%
___ the GreekZorba
49.6%
Beach ___ BingoBlanket
47.2%
Bob & Carol & ___ & AliceTed
44.3%
___ GantryElmer
36.7%
Alice's ___Restaurant
36.3%
The ___ Mr. LimpetIncredible
32.7%
I Love You, ___ B. ToklasAlice
25.5%
Faster, ___! Kill! Kill!Pussycat
16.9%
The Fearless ___ KillersVampire
7.8%

Today's Daily Dose

Remove Ads.
Support Sporcle.
Get the best of Sporcle when you Go Orange. This ad-free experience offers more features, more stats, and more fun while also helping to support Sporcle. Thank you for becoming a member.

You're not logged in!

Compare scores with friends on all Sporcle quizzes.
OR
Log In

Show Comments

Extras

Top Quizzes Today


Score Distribution

Your Account Isn't Verified!

In order to create a playlist on Sporcle, you need to verify the email address you used during registration. Go to your Sporcle Settings to finish the process.

Report this User

Report this user for behavior that violates our Community Guidelines.

Details: